| 000 | 003520000a22001450004500 | ||
|---|---|---|---|
| 003 | MACL | ||
| 040 | _aMACL | ||
| 090 |
_c3719 _d3719 |
||
| 100 | _aChakravarty , S .R. | ||
| 245 | _aSociety, Polity,And Economy, Of Bangladesh | ||
| 260 |
_aNew Delhi _bHar A̜nand Publications _c1994 |
||
| 350 | _a250 | ||
| 650 | _aPolitical Science | ||
| 942 |
_cBOOK _k320 |
||
| 999 |
_c3697 _d3697 |
||